<?xml version="1.0" encoding="UTF-8"?><?xml-stylesheet type="text/xsl" href="static/style.xsl"?><OAI-PMH xmlns="http://www.openarchives.org/OAI/2.0/" xmlns:xsi="http://www.w3.org/2001/XMLSchema-instance" xsi:schemaLocation="http://www.openarchives.org/OAI/2.0/ http://www.openarchives.org/OAI/2.0/OAI-PMH.xsd"><responseDate>2026-06-06T04:09:25Z</responseDate><request verb="GetRecord" identifier="oai:riuma.uma.es:10630/29534" metadataPrefix="marc">https://riuma.uma.es/rest/oai/request</request><GetRecord><record><header><identifier>oai:riuma.uma.es:10630/29534</identifier><datestamp>2026-02-03T11:24:20Z</datestamp><setSpec>com_10630_2254</setSpec><setSpec>col_10630_37953</setSpec></header><metadata><record xmlns="http://www.loc.gov/MARC21/slim" xmlns:dcterms="http://purl.org/dc/terms/" xmlns:doc="http://www.lyncode.com/xoai" xmlns:xsi="http://www.w3.org/2001/XMLSchema-instance" xsi:schemaLocation="http://www.loc.gov/MARC21/slim http://www.loc.gov/standards/marcxml/schema/MARC21slim.xsd">
   <leader>00925njm 22002777a 4500</leader>
   <datafield ind2=" " ind1=" " tag="042">
      <subfield code="a">dc</subfield>
   </datafield>
   <datafield ind2=" " ind1=" " tag="720">
      <subfield code="a">Ortego-Rico, Pablo</subfield>
      <subfield code="e">author</subfield>
   </datafield>
   <datafield ind2=" " ind1=" " tag="260">
      <subfield code="c">2018</subfield>
   </datafield>
   <datafield ind2=" " ind1=" " tag="520">
      <subfield code="a">Estudio de las concesiones de bula de cruzada para la lucha contra Granada otorgadas en 1455 y 1456 por el papa Calixto III a Enrique IV de Castilla, desde la perspectiva de la propaganda regia, y de los beneficios fiscales obtenidos por la monarquía castellana, con especial atención a la intervención de agentes financieros especializados, a la cuantificación del monto total obtenido, y a la instrumentalización del gasto como arma de difamación política.</subfield>
   </datafield>
   <datafield ind1="8" ind2=" " tag="024">
      <subfield code="a">Ortego Rico, P. (2018). Propaganda, fiscalidad e ideal cruzadista durante el reinado de Enrique IV de Castilla. Hispania Sacra, 70(141), 237–266. https://doi.org/10.3989/hs.2018.019</subfield>
   </datafield>
   <datafield ind1="8" ind2=" " tag="024">
      <subfield code="a">https://hdl.handle.net/10630/29534</subfield>
   </datafield>
   <datafield ind1="8" ind2=" " tag="024">
      <subfield code="a">0000-0002-1780-4633</subfield>
   </datafield>
   <datafield tag="653" ind2=" " ind1=" ">
      <subfield code="a">Cruzadas - Finanzas - España - S. XV</subfield>
   </datafield>
   <datafield ind2="0" ind1="0" tag="245">
      <subfield code="a">Propaganda, fiscalidad e ideal cruzadista durante el reinado de Enrique IV de Castilla</subfield>
   </datafield>
</record>
</metadata></record></GetRecord></OAI-PMH>